Kazimierz Godłowski, The Chronology of the Late Roman and Early Migration Periods in Central Europe

Bibliographic Details
Main Author: Kolník, Titus, 1932-2017 (Author)
Format: Article
Language:Slovak

MARC

LEADER 00000nab a2200000 a 4500
001 vtls011130744
003 SK-MaSNL
005 20260303150839.0
008 230222|1972 xo |||||||||||||||||slo|
015 |a SNBRB 
035 |a (uuid)9ffd50ff-544b-467b-97b2-f9826ec7c732 
035 |a (urnnbn)urn:nbn:sk:snk:ar-a09kmn 
035 |a urn:nbn:sk:snk-aba8jj 
040 |a SNKBUCL  |b slo  |c SNKBUCL  |e AACR2 
041 0 |a slo 
044 |a xo  |c SK 
100 1 |a Kolník, Titus,  |d 1932-2017  |4 aut  |9 14050 
245 1 0 |a Kazimierz Godłowski, The Chronology of the Late Roman and Early Migration Periods in Central Europe  |c Títus Kolník 
773 0 |t Slovenská archeológia  |g Roč. 20, č. 2 (1972), s. 464-465 
954 |a odborná, vedecká literatúra pôvodná (slovenská)  |2 lita 
958 |a OND 
958 |a EUIPO 
958 |a article13 
999 |c 2013913  |d 2015843